00706 2200181 4500245004600000020002200046250001100068100001100079700001600090650002000106005001900126260003200145041001400177084001000191300002000201500029400221336000900515 aKreasi Pajangan Benang WollcSherlyhText a978-602-7560-90-1 aCet. 1 aSherly aArio Tanaka aKreasi Pajangan a20230929085825 aJakarta TimurbDunia Kreasi aIndonesia a372.5 a72 hlm. :c24cm aBuku ini berisi tentang semua rahasia menyulap benang wol menjadi berbagai kreasi tanaman yang tidak akan layu. Dengan menggunakan teknik dasar menyulam, melilitkannya pada kawat, mengaplikasikannya pada kertas karton, maka kreasi tanaman dari benang wol dapat diciptakan oleh semua orang. atext